000 00295nam a22001337a 4500
008 170814b xxu||||| |||| 00| 0 eng d
020 _a9780131171695
041 _aeng
080 _a51
100 _a63
101 _aMAT
245 _aCALCULUS AND ITS APPLICATIONS
_cLAY.G
942 _2udc
_cBK
999 _c23370
_d23370